Study on reprodctive inflamatory disease and effect of drugs at golden pig farm teuk phos district, kampong chhnang province; ការសិក្សាអំពីជំងឺរលាកផ្លូវបន្តពូជមេជ្រូកក្រោយសម្រាល និងប្រសិទ្ធភាពឱសថនៅកសិដ្ឋានជ្រូកមាស ក្នុងស្រុកទឹកផុស ខេត្តកំពង់ឆ្នាំង (Record no. 7089)
[ view plain ]
| 000 -LEADER | |
|---|---|
| fixed length control field | 00875nam a22001577a 4500 |
| 003 - CONTROL NUMBER IDENTIFIER | |
| control field | OSt |
| 005 - DATE AND TIME OF LATEST TRANSACTION | |
| control field | 20160225160320.0 |
| 008 - FIXED-LENGTH DATA ELEMENTS--GENERAL INFORMATION | |
| fixed length control field | 160225b xxu||||| |||| 00| 0 eng d |
| 040 ## - CATALOGING SOURCE | |
| Transcribing agency | RUA |
| 082 ## - DEWEY DECIMAL CLASSIFICATION NUMBER | |
| Classification number | VEM SIE 2014 B434 Or.1 |
| 100 ## - MAIN ENTRY--PERSONAL NAME | |
| 9 (RLIN) | 7500 |
| Personal name | SIEN BUNTHORN; សៀង ប៊ុនថន |
| 245 ## - TITLE STATEMENT | |
| Title | Study on reprodctive inflamatory disease and effect of drugs at golden pig farm teuk phos district, kampong chhnang province; ការសិក្សាអំពីជំងឺរលាកផ្លូវបន្តពូជមេជ្រូកក្រោយសម្រាល និងប្រសិទ្ធភាពឱសថនៅកសិដ្ឋានជ្រូកមាស ក្នុងស្រុកទឹកផុស ខេត្តកំពង់ឆ្នាំង |
| 260 ## - PUBLICATION, DISTRIBUTION, ETC. (IMPRINT) | |
| Place of publication, distribution, etc. | Phnom Penh |
| Name of publisher, distributor, etc. | RUA |
| Date of publication, distribution, etc. | 2014 |
| 300 ## - PHYSICAL DESCRIPTION | |
| Extent | x;37p. |
| Other physical details | ill. |
| Dimensions | 29cm. |
| 942 ## - ADDED ENTRY ELEMENTS (KOHA) | |
| Source of classification or shelving scheme | |
| Koha item type | VEM |
No items available.